000 00633nam a2200241Ia 4500
003 OSt
005 20220918173144.0
006 a|||||r|||| 00| 0
007 ta
008 220917b |||||||| |||| 00| 0 eng d
024 _a5,380
037 _cTextual
040 _aARTS
_cARTS
_beng
041 _2eng
_aeng
082 _a2:7, N6
100 _aEllis David.
_945126
245 0 _aProgress and problems in information retrieval
260 _aLondon
_bLibrary Association
_c1996
300 _axx,220p
_ccm.
650 _aLIBRARY SCIENCE
942 _h2:7, N6
_cTEXL
_2CC
999 _c147414
_d147414